<?xml version="1.0" encoding="UTF-8"?>
<record
    xmlns:xsi="http://www.w3.org/2001/XMLSchema-instance"
    xsi:schemaLocation="http://www.loc.gov/MARC21/slim http://www.loc.gov/standards/marcxml/schema/MARC21slim.xsd"
    xmlns="http://www.loc.gov/MARC21/slim">

  <leader>00738nam a22002057a 4500</leader>
  <controlfield tag="005">20251001150825.0</controlfield>
  <datafield tag="010" ind1=" " ind2=" ">
    <subfield code="a">ENG-146924-927</subfield>
  </datafield>
  <datafield tag="020" ind1=" " ind2=" ">
    <subfield code="a">9789349015579(Set of 4 Vols)</subfield>
    <subfield code="c">12500.00</subfield>
  </datafield>
  <datafield tag="035" ind1=" " ind2=" ">
    <subfield code="a">EN-130456-459</subfield>
  </datafield>
  <datafield tag="037" ind1=" " ind2=" ">
    <subfield code="b">DBAD</subfield>
    <subfield code="a">DPL</subfield>
  </datafield>
  <datafield tag="082" ind1=" " ind2=" ">
    <subfield code="a">347.5406</subfield>
    <subfield code="2">22</subfield>
  </datafield>
  <datafield tag="245" ind1=" " ind2=" ">
    <subfield code="a">Woodroffe and Amir Ali: Law of Evidence</subfield>
  </datafield>
  <datafield tag="250" ind1=" " ind2=" ">
    <subfield code="a">22</subfield>
  </datafield>
  <datafield tag="260" ind1=" " ind2=" ">
    <subfield code="a">Gurgaon</subfield>
    <subfield code="b">Lexis Nexis</subfield>
    <subfield code="c">2025</subfield>
  </datafield>
  <datafield tag="270" ind1=" " ind2=" ">
    <subfield code="a">14th floor building no 10, tower-B, DLF cyber city, phase-II</subfield>
    <subfield code="b">Gurgaon</subfield>
    <subfield code="e">122002</subfield>
  </datafield>
  <datafield tag="300" ind1=" " ind2=" ">
    <subfield code="a">cccxxxvii,5822p.</subfield>
    <subfield code="c">25cm(hb)</subfield>
  </datafield>
  <datafield tag="490" ind1=" " ind2=" ">
    <subfield code="v">Vol 1, Vol 2,Vol 3, Vol 4</subfield>
  </datafield>
  <datafield tag="500" ind1=" " ind2=" ">
    <subfield code="a">Section 1 to 23 (Vol 1)
Section 24 to 93 (Vol 2)
Section 94 to 120 (Vol 3)
Section 121 to 170 (Vol 4)</subfield>
  </datafield>
  <datafield tag="942" ind1=" " ind2=" ">
    <subfield code="2">ddc</subfield>
    <subfield code="c">EN</subfield>
    <subfield code="h">347.5406</subfield>
    <subfield code="m">LAW</subfield>
    <subfield code="e">1</subfield>
  </datafield>
  <datafield tag="999" ind1=" " ind2=" ">
    <subfield code="c">213556</subfield>
    <subfield code="d">213556</subfield>
  </datafield>
  <datafield tag="952" ind1=" " ind2=" ">
    <subfield code="0">0</subfield>
    <subfield code="1">0</subfield>
    <subfield code="3">VOL-1</subfield>
    <subfield code="4">0</subfield>
    <subfield code="7">1</subfield>
    <subfield code="8">REF</subfield>
    <subfield code="a">L</subfield>
    <subfield code="b">L</subfield>
    <subfield code="d">2025-10-01</subfield>
    <subfield code="e">Delivery of Books Act Division</subfield>
    <subfield code="g">3125.00</subfield>
    <subfield code="l">0</subfield>
    <subfield code="o">347.5406 LAW</subfield>
    <subfield code="p">EN-130456</subfield>
    <subfield code="r">2025-10-01 00:00:00</subfield>
    <subfield code="v">3125.00</subfield>
    <subfield code="w">2025-10-01</subfield>
    <subfield code="y">EN</subfield>
  </datafield>
  <datafield tag="952" ind1=" " ind2=" ">
    <subfield code="0">0</subfield>
    <subfield code="1">0</subfield>
    <subfield code="3">VOL-2</subfield>
    <subfield code="4">0</subfield>
    <subfield code="7">1</subfield>
    <subfield code="8">REF</subfield>
    <subfield code="a">L</subfield>
    <subfield code="b">L</subfield>
    <subfield code="d">2025-10-01</subfield>
    <subfield code="e">Delivery of Books Act Division</subfield>
    <subfield code="g">3125.00</subfield>
    <subfield code="l">0</subfield>
    <subfield code="o">347.5406 LAW</subfield>
    <subfield code="p">EN-130457</subfield>
    <subfield code="r">2025-10-01 00:00:00</subfield>
    <subfield code="t">1</subfield>
    <subfield code="v">3125.00</subfield>
    <subfield code="w">2025-10-01</subfield>
    <subfield code="y">EN</subfield>
  </datafield>
  <datafield tag="952" ind1=" " ind2=" ">
    <subfield code="0">0</subfield>
    <subfield code="1">0</subfield>
    <subfield code="3">VOL-3</subfield>
    <subfield code="4">0</subfield>
    <subfield code="7">1</subfield>
    <subfield code="8">REF</subfield>
    <subfield code="a">L</subfield>
    <subfield code="b">L</subfield>
    <subfield code="d">2025-10-01</subfield>
    <subfield code="e">Delivery of Books Act Division</subfield>
    <subfield code="g">3125.00</subfield>
    <subfield code="l">0</subfield>
    <subfield code="o">347.5406 LAW</subfield>
    <subfield code="p">EN-130458</subfield>
    <subfield code="r">2025-10-01 00:00:00</subfield>
    <subfield code="t">1</subfield>
    <subfield code="v">3125.00</subfield>
    <subfield code="w">2025-10-01</subfield>
    <subfield code="y">EN</subfield>
  </datafield>
  <datafield tag="952" ind1=" " ind2=" ">
    <subfield code="0">0</subfield>
    <subfield code="1">0</subfield>
    <subfield code="3">VOL-4</subfield>
    <subfield code="4">0</subfield>
    <subfield code="7">1</subfield>
    <subfield code="8">REF</subfield>
    <subfield code="a">L</subfield>
    <subfield code="b">L</subfield>
    <subfield code="d">2025-10-01</subfield>
    <subfield code="e">Delivery of Books Act Division</subfield>
    <subfield code="g">3125.00</subfield>
    <subfield code="l">0</subfield>
    <subfield code="o">347.5406 LAW</subfield>
    <subfield code="p">EN-130459</subfield>
    <subfield code="r">2025-10-01 00:00:00</subfield>
    <subfield code="t">1</subfield>
    <subfield code="v">3125.00</subfield>
    <subfield code="w">2025-10-01</subfield>
    <subfield code="y">EN</subfield>
  </datafield>
</record>
